000 00400pab a2200145 454500
008 180718b1996 xxu||||| |||| 00| 0 eng d
100 _aHanda, Sudhanshu
245 _aThe determinants of teenage schooling in Jamaica: rich vs. poor, females vs. males
260 _c1996
300 _ap.554-80
362 _aApr
650 _aEducation
773 _aJournal of Development Studies
909 _a33842
999 _c33842
_d33842